Production and operations Management (Record no. 1411)
[ view plain ]
| 000 -LEADER | |
|---|---|
| fixed length control field | 01193nam a2200157 4500 |
| 020 ## - INTERNATIONAL STANDARD BOOK NUMBER | |
| ISBN | 0079120377 |
| 050 ## - CALL NUMBER | |
| Classification number | TS155 |
| Item number | .N57 |
| 100 ## - AUTHOR | |
| Personal name | Noori Hamid, Radford Russel |
| 245 ## - TITLE | |
| Title | Production and operations Management |
| Remainder of title | Total Quality and Responsiveness |
| Statement of responsibility, etc | Noori Hamid, Radford Russel |
| 260 ## - PUBLICATION INFORMATION | |
| Place of publication | New York: |
| Name of publisher | McGraw Hill; |
| Year of publication | 1995. |
| 300 ## - DESCRIPTION | |
| Number of Pages | xxvi, 676 p. |
| Other physical details | ill, |
| Dimensions | 24 cm. |
| 500 ## - NOTES | |
| General note | Includes index |
| 505 ## - FORMATTED CONTENTS NOTE | |
| Table of Content | Chapter 1. Operations management and global competition<br/>Chapter 2. Organizing operations for competition<br/>Chapter 3. Operations strategy<br/>Chapter 4. Demand management<br/>Chapter 5. Managing for product quality<br/>Chapter 6. Designing-In product Quality<br/>Chapter 7. Capacity strategy<br/>Chapter 8. Facility location and layout<br/>Chapter 9. Process Design<br/>Chapter 10. Job design<br/>Chapter 11. Process quality and improvement<br/>Chapter 12. Project management<br/>Chapter 13. Managing inventories: Independent demand systems<br/>Chapter 14. Aggregate planning<br/>Chapter 15. Material requirement planning<br/>Chapter 16. Just in time<br/>Chapter 17. Shop floor management<br/>Chapter 18. Upstream-downstream materials<br/>Chapter 19. Performance measurement<br/><br/> |
| 650 ## - SUBJECTS | |
| Topical Term | Production Management |
| 942 ## - ADDED ENTRY ELEMENTS (KOHA) | |
| Koha item type | Books |
| Withdrawn status | Lost status | Home library | Current library | Date acquired | Full call number | Accession Number | Koha item type | Collection code | Shelving location |
|---|---|---|---|---|---|---|---|---|---|
| Methodist University Library Main | Methodist University Library Main | 10/01/2018 | TS155 .N57 | 10815 | Books | Non-fiction | General Stacks | ||
| Methodist University Library Main | Methodist University Library Main | 10/01/2018 | TS155 .N57 | 10818 | Books | Reference | General Stacks | ||
| Methodist University Library Main | Methodist University Library Main | 10/01/2018 | TS155 .N57 | 10817 | Books | Reference | General Stacks | ||
| Methodist University Library Tema | Methodist University Library Tema | 20/07/2000 | TS155 .N57 | 10816 | Books | ||||
| Methodist University Library Wenchi Faculty | Methodist University Library Wenchi Faculty | 10/01/2018 | TS155 .N57 | 10812 | Books | Non-fiction | General Stacks |